<?xml version="1.0" encoding="UTF-8"?>
<record
    xmlns:xsi="http://www.w3.org/2001/XMLSchema-instance"
    xsi:schemaLocation="http://www.loc.gov/MARC21/slim http://www.loc.gov/standards/marcxml/schema/MARC21slim.xsd"
    xmlns="http://www.loc.gov/MARC21/slim">

  <leader>00834nam a22001817a 4500</leader>
  <datafield tag="999" ind1=" " ind2=" ">
    <subfield code="c">58012</subfield>
    <subfield code="d">58012</subfield>
  </datafield>
  <controlfield tag="003">Ge_BSU</controlfield>
  <controlfield tag="005">20240610172738.0</controlfield>
  <controlfield tag="008">210422s1988    ge ||||| |||| 00| 0 geo d</controlfield>
  <datafield tag="041" ind1=" " ind2=" ">
    <subfield code="a">geo</subfield>
  </datafield>
  <datafield tag="080" ind1=" " ind2=" ">
    <subfield code="a">616-083(075.8) &#x10D1;-89</subfield>
  </datafield>
  <datafield tag="100" ind1=" " ind2=" ">
    <subfield code="a">&#x10D1;&#x10DD;&#x10ED;&#x10DD;&#x10E0;&#x10D8;&#x10E8;&#x10D5;&#x10D8;&#x10DA;&#x10D8;, &#x10D2;.</subfield>
    <subfield code="9">11552</subfield>
  </datafield>
  <datafield tag="245" ind1=" " ind2=" ">
    <subfield code="a">&#x10D0;&#x10D5;&#x10D0;&#x10D3;&#x10DB;&#x10E7;&#x10DD;&#x10E4;&#x10D8;&#x10E1; &#x10DB;&#x10DD;&#x10D5;&#x10DA;&#x10D0; : </subfield>
    <subfield code="b">&#x10DE;&#x10E0;&#x10D0;&#x10E5;&#x10E2;&#x10D8;&#x10D9;&#x10E3;&#x10DA;&#x10D8; &#x10E9;&#x10D5;&#x10D4;&#x10D5;&#x10D4;&#x10D1;&#x10D8; : [&#x10D3;&#x10D0;&#x10DB;&#x10EE;&#x10DB;. &#x10E1;&#x10D0;&#x10EE;&#x10D4;&#x10DA;&#x10DB;&#x10EB;&#x10E6;&#x10D5;. &#x10E1;&#x10D0;&#x10DB;&#x10D4;&#x10D3;. &#x10D8;&#x10DC;-&#x10E2;&#x10D8;&#x10E1; &#x10E1;&#x10E2;&#x10E3;&#x10D3;&#x10D4;&#x10DC;&#x10E2;&#x10D4;&#x10D1;&#x10D8;&#x10E1;&#x10D0;&#x10D7;&#x10D5;&#x10D8;&#x10E1;]  /</subfield>
    <subfield code="c"> &#x10D2;&#x10D8;&#x10DD;&#x10E0;&#x10D2;&#x10D8; &#x10D1;&#x10DD;&#x10ED;&#x10DD;&#x10E0;&#x10D8;&#x10E8;&#x10D5;&#x10D8;&#x10DA;&#x10D8;.</subfield>
  </datafield>
  <datafield tag="264" ind1=" " ind2=" ">
    <subfield code="a">&#x10D7;&#x10D1;&#x10D8;&#x10DA;&#x10D8;&#x10E1;&#x10D8; :</subfield>
    <subfield code="b">&#x10D2;&#x10D0;&#x10DC;&#x10D0;&#x10D7;&#x10DA;&#x10D4;&#x10D1;&#x10D0;,</subfield>
    <subfield code="c">1988.</subfield>
  </datafield>
  <datafield tag="300" ind1=" " ind2=" ">
    <subfield code="a">348 &#x10D2;&#x10D5;.:</subfield>
    <subfield code="c">20&#x10E1;&#x10DB;.</subfield>
  </datafield>
  <datafield tag="653" ind1=" " ind2=" ">
    <subfield code="a">&#x10D0;&#x10D5;&#x10D0;&#x10D3;&#x10DB;&#x10E7;&#x10DD;&#x10E4;&#x10D8;&#x10E1; &#x10DB;&#x10DD;&#x10D5;&#x10DA;&#x10D0;</subfield>
  </datafield>
  <datafield tag="653" ind1=" " ind2=" ">
    <subfield code="a">&#x10DB;&#x10D4;&#x10D3;&#x10D8;&#x10EA;&#x10D8;&#x10DC;&#x10D0;</subfield>
  </datafield>
  <datafield tag="942" ind1=" " ind2=" ">
    <subfield code="2">udc</subfield>
    <subfield code="c">BK</subfield>
  </datafield>
  <datafield tag="952" ind1=" " ind2=" ">
    <subfield code="0">0</subfield>
    <subfield code="1">0</subfield>
    <subfield code="2">udc</subfield>
    <subfield code="4">0</subfield>
    <subfield code="6">6160830758_&#x10D1;89</subfield>
    <subfield code="7">0</subfield>
    <subfield code="9">90266</subfield>
    <subfield code="a">CPL</subfield>
    <subfield code="b">CPL</subfield>
    <subfield code="c">GEN</subfield>
    <subfield code="d">2021-04-22</subfield>
    <subfield code="g">5.00</subfield>
    <subfield code="o">616-083(075.8) &#x10D1;-89</subfield>
    <subfield code="p">29259</subfield>
    <subfield code="r">2021-04-22</subfield>
    <subfield code="t">29259</subfield>
    <subfield code="w">2021-04-22</subfield>
    <subfield code="y">BK</subfield>
    <subfield code="z">5.00</subfield>
  </datafield>
  <datafield tag="952" ind1=" " ind2=" ">
    <subfield code="0">0</subfield>
    <subfield code="1">0</subfield>
    <subfield code="2">udc</subfield>
    <subfield code="4">0</subfield>
    <subfield code="6">6160830758_&#x10D1;89</subfield>
    <subfield code="7">0</subfield>
    <subfield code="9">99134</subfield>
    <subfield code="a">CPL</subfield>
    <subfield code="b">CPL</subfield>
    <subfield code="c">GEN</subfield>
    <subfield code="d">2024-06-10</subfield>
    <subfield code="g">12.00</subfield>
    <subfield code="o">616-083(075.8) &#x10D1;-89</subfield>
    <subfield code="p">68104</subfield>
    <subfield code="r">2024-06-10</subfield>
    <subfield code="t">68104</subfield>
    <subfield code="w">2024-06-10</subfield>
    <subfield code="y">BK</subfield>
    <subfield code="z">12 &#x10DA;.</subfield>
  </datafield>
</record>
